<?xml version='1.0' encoding='UTF-8'?>
  <record xmlns="http://www.loc.gov/MARC21/slim">
    <leader>00000cam a2200000 a 4500</leader>
    <controlfield tag="001">ocm53518263</controlfield>
    <controlfield tag="003">OCoLC</controlfield>
    <controlfield tag="005">20250514204644.1</controlfield>
    <controlfield tag="008">031105s1901    stk           000 0 eng d</controlfield>
    <datafield tag="040" ind1=" " ind2=" ">
      <subfield code="a">EQO</subfield>
      <subfield code="b">eng</subfield>
      <subfield code="c">EQO</subfield>
      <subfield code="d">OCLCG</subfield>
      <subfield code="d">OCLCF</subfield>
      <subfield code="d">OCLCQ</subfield>
      <subfield code="d">OCLCO</subfield>
      <subfield code="d">CNUTO</subfield>
      <subfield code="d">QGJ</subfield>
      <subfield code="d">OCLCO</subfield>
      <subfield code="d">OCLCL</subfield>
      <subfield code="d">OCLCQ</subfield>
      <subfield code="d">OCLCL</subfield>
    </datafield>
    <datafield tag="019" ind1=" " ind2=" ">
      <subfield code="a">932834629</subfield>
      <subfield code="a">1302612100</subfield>
    </datafield>
    <datafield tag="029" ind1="1" ind2=" ">
      <subfield code="a">AU@</subfield>
      <subfield code="b">000072650072</subfield>
    </datafield>
    <datafield tag="035" ind1=" " ind2=" ">
      <subfield code="a">(OCoLC)53518263</subfield>
      <subfield code="z">(OCoLC)932834629</subfield>
      <subfield code="z">(OCoLC)1302612100</subfield>
    </datafield>
    <datafield tag="041" ind1="0" ind2=" ">
      <subfield code="a">eng</subfield>
      <subfield code="a">gla</subfield>
    </datafield>
    <datafield tag="050" ind1="1" ind2="4">
      <subfield code="a">PB1523</subfield>
      <subfield code="b">M184 1908</subfield>
    </datafield>
    <datafield tag="082" ind1=" " ind2="4">
      <subfield code="a">491.63</subfield>
      <subfield code="1">https://id.oclc.org/worldcat/ddc/E4bJKMFP3xdkh6CQqyV6jT6dbp</subfield>
    </datafield>
    <datafield tag="100" ind1="1" ind2=" ">
      <subfield code="a">Macbean, L.</subfield>
      <subfield code="q">(Lachlan),</subfield>
      <subfield code="d">1853-1931.</subfield>
      <subfield code="1">https://id.oclc.org/worldcat/entity/E39PBJdxbJwJJQBJT8WR6pVDMP</subfield>
    </datafield>
    <datafield tag="245" ind1="1" ind2="0">
      <subfield code="a">Elementary lessons in Gaelic :</subfield>
      <subfield code="b">reading, grammar and construction, with a vocabulary and key /</subfield>
      <subfield code="c">by L. Macbean.</subfield>
    </datafield>
    <datafield tag="250" ind1=" " ind2=" ">
      <subfield code="a">Fifth edition.</subfield>
    </datafield>
    <datafield tag="260" ind1=" " ind2=" ">
      <subfield code="a">Stirling :</subfield>
      <subfield code="b">Eneas Mackay,</subfield>
      <subfield code="c">1901.</subfield>
    </datafield>
    <datafield tag="300" ind1=" " ind2=" ">
      <subfield code="a">62 pages ;</subfield>
      <subfield code="c">19 cm</subfield>
    </datafield>
    <datafield tag="336" ind1=" " ind2=" ">
      <subfield code="a">text</subfield>
      <subfield code="b">txt</subfield>
      <subfield code="2">rdacontent</subfield>
    </datafield>
    <datafield tag="337" ind1=" " ind2=" ">
      <subfield code="a">unmediated</subfield>
      <subfield code="b">n</subfield>
      <subfield code="2">rdamedia</subfield>
    </datafield>
    <datafield tag="338" ind1=" " ind2=" ">
      <subfield code="a">volume</subfield>
      <subfield code="b">nc</subfield>
      <subfield code="2">rdacarrier</subfield>
    </datafield>
    <datafield tag="530" ind1=" " ind2=" ">
      <subfield code="a">Also available in online version.</subfield>
    </datafield>
    <datafield tag="650" ind1=" " ind2="0">
      <subfield code="a">Scottish Gaelic language.</subfield>
    </datafield>
    <datafield tag="650" ind1=" " ind2="0">
      <subfield code="a">Scottish Gaelic language</subfield>
      <subfield code="v">Textbooks for foreign speakers</subfield>
      <subfield code="x">English.</subfield>
    </datafield>
    <datafield tag="650" ind1=" " ind2="6">
      <subfield code="a">Écossais (Langue)</subfield>
    </datafield>
    <datafield tag="650" ind1=" " ind2="6">
      <subfield code="a">Écossais (Langue)</subfield>
      <subfield code="v">Manuels pour anglophones.</subfield>
    </datafield>
    <datafield tag="650" ind1=" " ind2="7">
      <subfield code="a">Scottish Gaelic language.</subfield>
      <subfield code="2">fast</subfield>
      <subfield code="0">(OCoLC)fst01109186</subfield>
    </datafield>
    <datafield tag="655" ind1=" " ind2="7">
      <subfield code="a">Textbooks</subfield>
      <subfield code="v">for English speakers.</subfield>
      <subfield code="2">fast</subfield>
      <subfield code="0">(OCoLC)fst01423865</subfield>
    </datafield>
    <datafield tag="758" ind1=" " ind2=" ">
      <subfield code="i">has work:</subfield>
      <subfield code="a">Elementary lessons in Gaelic (Text)</subfield>
      <subfield code="1">https://id.oclc.org/worldcat/entity/E39PCFTJff937VP6jXHtHXX7xP</subfield>
      <subfield code="4">https://id.oclc.org/worldcat/ontology/hasWork</subfield>
    </datafield>
    <datafield tag="776" ind1="0" ind2="8">
      <subfield code="i">Online version:</subfield>
      <subfield code="a">Macbean, L. (Lachlan), 1853-1931.</subfield>
      <subfield code="t">Elementary lessons in Gaelic.</subfield>
      <subfield code="b">Fifth edition.</subfield>
      <subfield code="d">Stirling : Eneas Mackay, 1901</subfield>
      <subfield code="w">(OCoLC)1145117761</subfield>
    </datafield>
    <datafield tag="856" ind1="4" ind2="1">
      <subfield code="u">http://objects.library.uu.nl/reader/resolver.php?obj=001992022&amp;type=2</subfield>
      <subfield code="x">Online</subfield>
      <subfield code="z">Full Text</subfield>
    </datafield>
    <datafield tag="936" ind1=" " ind2=" ">
      <subfield code="a">BATCHLOAD</subfield>
    </datafield>
  </record>